[Event "AUTO-INT-671"]
[Site "http://www.queenalice.com/game.php?id=296945"]
[Date "2007.11.2"]
[Round "1"]
[White "felipefeyh"]
[Black "fredofm"]
[Result "0-1"]
[WhiteElo "1302"]
[BlackElo "1391"]

1. e4 e5 2. d4 Nc6 3. d5 Nd4 4. c3 Nb5 5. Qh5 Nf6 6. Qxe5+ Qe7 7. Qf4 Qxe4+ 8.
Qxe4+ Nxe4 9. Bxb5 Nxf2 10. Kxf2 Bc5+ 11. Be3 b6 12. Nh3 O-O 13. Nf4 Re8 14. Re1
Bxe3+ 15. Rxe3 Rxe3 16. Kxe3 a6 17. Bd3 d6 18. Na3 Bb7 19. h4 b5 20. Nh5 Bxd5
21. Re1 Bxa2 22. Be4 Re8 23. c4 bxc4 0-1

[Event "AUTO-INT-671"]
[Site "http://www.queenalice.com/game.php?id=296946"]
[Date "2007.11.2"]
[Round "1"]
[White "fredofm"]
[Black "felipefeyh"]
[Result "1-0"]
[WhiteElo "1369"]
[BlackElo "1308"]

1. d4 d5 2. e3 e6 3. Nf3 h5 4. Ne5 f6 5. Ng6 Rh6 6. Nxf8 Kxf8 7. Nc3 e5 8. dxe5
Bg4 9. Be2 d4 10. exd4 Qe8 11. exf6 Rxf6 12. Bg5 Re6 13. O-O Bxe2 14. Nxe2 Rxe2
15. Qd3 c6 16. Qf3+ Nf6 17. Bxf6 Rxc2 18. Bxg7+ Kg8 19. Rae1 Qg6 20. Qf8+ Kh7
21. Qh8# 1-0

[Event "AUTO-INT-671"]
[Site "http://www.queenalice.com/game.php?id=296947"]
[Date "2007.11.2"]
[Round "1"]
[White "felipefeyh"]
[Black "Romulo_Galter"]
[Result "0-1"]
[WhiteElo "1259"]
[BlackElo "1315"]

1. e4 Nf6 2. Qe2 e5 3. a4 d5 4. exd5 Nxd5 5. Qb5+ c6 6. Qd3 Nb4 7. Qxd8+ Kxd8 8.
a5 Be7 9. Nc3 Nxc2+ 10. Kd1 Nxa1 11. h4 Bc5 12. Ne4 Bb4 13. Nd6 Bxd6 14. d3 Nb3
15. Bg5+ f6 16. Bd2 Bc5 17. Nh3 Nd4 18. b4 Bd6 0-1

[Event "AUTO-INT-671"]
[Site "http://www.queenalice.com/game.php?id=296948"]
[Date "2007.11.2"]
[Round "1"]
[White "Romulo_Galter"]
[Black "felipefeyh"]
[Result "1-0"]
[WhiteElo "1330"]
[BlackElo "1259"]

1. d4 d5 2. Nc3 h5 3. Bg5 h4 4. Nf3 Rh5 5. Qd3 f6 6. Qg6+ Kd7 7. Bf4 Qe8 8. Qg4+
f5 9. Ne5+ Kd8 10. Qf3 a5 11. Qxd5+ Bd7 12. Nf7+ Kc8 13. Ne5 Be6 14. Qxe6+ Qd7
15. Qxg8 Qe8 16. e3 g5 17. Bb5 Qd8 18. Nf7 c6 19. Bd3 1-0

[Event "AUTO-INT-671"]
[Site "http://www.queenalice.com/game.php?id=296950"]
[Date "2007.11.2"]
[Round "1"]
[White "sapucaio"]
[Black "felipefeyh"]
[Result "1-0"]
[WhiteElo "1672"]
[BlackElo "1310"]

1. d4 e6 2. e4 Bb4+ 3. c3 Ba5 4. e5 h5 5. h4 b6 6. b4 Qxh4 7. Rxh4 d6 8. bxa5
dxe5 9. dxe5 bxa5 10. Bg5 f6 11. Bb5+ Bd7 12. Bxd7+ Nxd7 13. exf6 Ne5 14. fxg7
1-0

[Event "AUTO-OPEN-887"]
[Site "http://www.queenalice.com/game.php?id=297151"]
[Date "2007.11.2"]
[Round "1"]
[White "felipefeyh"]
[Black "thw"]
[Result "0-1"]
[WhiteElo "1455"]
[BlackElo "1782"]

1. e4 e6 2. d4 d5 3. exd5 exd5 4. Qe2+ Be7 5. Bg5 Nc6 6. c4 dxc4 7. d5 Qxd5 8.
Nc3 Qxg5 9. a4 Nf6 10. h4 Qe5 11. Rd1 O-O 12. h5 Nxh5 13. Rxh5 Qxe2+ 14. Bxe2
Be6 0-1

[Event "AUTO-OPEN-887"]
[Site "http://www.queenalice.com/game.php?id=297152"]
[Date "2007.11.2"]
[Round "1"]
[White "thw"]
[Black "felipefeyh"]
[Result "1-0"]
[WhiteElo "1778"]
[BlackElo "1475"]

1. e4 e5 2. Nf3 Qe7 3. Bc4 f5 4. O-O fxe4 5. Ne1 Qc5 6. d3 exd3 7. Bxd3 h5 8.
Bg6+ Kd8 9. Nd3 h4 10. Nxc5 h3 11. g3 Bxc5 12. Qf3 Rh6 13. Bxh6 Nxh6 14. Nc3 a5
15. Qh5 a4 16. Qxe5 1-0

[Event "Challenge"]
[Site "http://www.queenalice.com/game.php?id=565553"]
[Date "2009.4.2"]
[Round "-"]
[White "codcam"]
[Black "felipefeyh"]
[Result "1-0"]
[WhiteElo "1281"]
[BlackElo "1262"]

1. e4 h5 2. h4 b6 3. g3 Bb7 4. Nc3 Nf6 5. Nf3 Nxe4 6. Bc4 Rh6 7. d3 Nxc3 8. bxc3
Rf6 9. Ng5 Bxh1 10. Kd2 b5 11. Qxh1 Nc6 12. Bd5 Rxf2+ 13. Ke1 Rf5 14. Bxf7+ Rxf7
15. Nxf7 Kxf7 16. Qd5+ e6 17. Qxh5+ Kg8 18. Qxb5 Qf6 19. Qc4 Qe5+ 20. Kf1 d5 21.
Qxc6 Qf6+ 22. Kg2 Qg6 23. Qxa8 Kf7 24. Qxa7 Bd6 25. Qf2+ Ke7 26. Bg5+ 1-0

[Event "Challenge"]
[Site "http://www.queenalice.com/game.php?id=575105"]
[Date "2009.4.20"]
[Round "-"]
[White "codcam"]
[Black "felipefeyh"]
[Result "0-1"]
[WhiteElo "1299"]
[BlackElo "1244"]

1. e4 Nc6 2. c3 h5 3. Bc4 Rh6 4. Qf3 Ne5 5. Qg3 Nxc4 6. d3 Rg6 7. Qf3 Ne5 8.
Qxh5 Nxd3+ 9. Kd2 Nxf2 10. Qh8 Nxe4+ 11. Kc2 Ngf6 12. Qh4 Rxg2+ 13. Kb3 c6 14.
a4 Qb6+ 15. Ka2 Nc5 16. Qb4 Nd5 17. Qa3 d6 18. Nd2 Be6 19. c4 Nb4+ 20. Kb1 Bf5+
0-1

[Event "Challenge"]
[Site "http://www.queenalice.com/game.php?id=603115"]
[Date "2009.6.14"]
[Round "-"]
[White "codcam"]
[Black "felipefeyh"]
[Result "1-0"]
[WhiteElo "1537"]
[BlackElo "1268"]

1. e4 Nf6 2. Nc3 d6 3. g3 Bg4 4. f3 Bh5 5. Bb5+ c6 6. Ba4 b5 7. Bb3 d5 8. exd5
cxd5 9. Nxb5 d4 10. Ba4 Qa5 11. Nc7+ Kd8 12. Nxa8 Qxa4 13. Nh3 Qc6 14. Rf1 Qxa8
15. Ng5 Qd5 16. d3 Qe5+ 17. Kf2 Qd5 18. g4 Bg6 19. h4 h5 20. c4 Qe5 21. Qb3 hxg4
22. f4 g3+ 23. Kxg3 Qc7 24. Rh1 Qd7 25. Qxb8+ Qc8 26. Qxa7 Qg4+ 27. Kf2 Bxd3 28.
Qxd4+ Qd7 29. Qc3 Be4 30. Be3 Bxh1 31. Rxh1 Ng4+ 32. Kg3 Qe6 33. Nxe6+ fxe6 34.
Qa5+ Ke8 35. Kxg4 g6 36. Kg5 Rh5+ 37. Kxg6 Rxa5 38. a3 Rc5 39. Bxc5 Kd8 40. Kf7
Bh6 41. Bxe7+ Kd7 42. b4 Bxf4 43. Rd1+ Kc6 44. Kxe6 Bg3 45. b5+ Kb7 46. h5 Bf4
47. c5 1-0

[Event "AUTO-BEG-324"]
[Site "http://www.queenalice.com/game.php?id=609713"]
[Date "2009.6.27"]
[Round "1"]
[White "higorgomes"]
[Black "felipefeyh"]
[Result "1-0"]
[WhiteElo "1229"]
[BlackElo "1263"]

1. e4 e5 2. Nf3 d6 3. Bc4 Nd7 4. O-O Nc5 5. Ne1 Nxe4 6. Qf3 d5 7. Bb3 Ng5 8. Qg3
e4 9. Nc3 c6 10. Qe5+ Ne6 11. d3 b5 12. dxe4 dxe4 13. Qxe4 Nf6 14. Qxc6+ Bd7 15.
Qf3 b4 16. Nb5 Bxb5 17. c4 Nd4 18. Qe3+ Be7 19. cxb5 1-0

[Event "AUTO-BEG-324"]
[Site "http://www.queenalice.com/game.php?id=609714"]
[Date "2009.6.27"]
[Round "1"]
[White "felipefeyh"]
[Black "higorgomes"]
[Result "0-1"]
[WhiteElo "1246"]
[BlackElo "1246"]

1. g4 d5 2. c3 e6 3. Qa4+ Nd7 4. Nf3 Nf6 5. Ne5 c6 6. Nf3 b5 7. Qb3 Nxg4 8. h3
Nc5 9. Qc2 Ne4 10. Rg1 Ngf6 11. Nd4 Qd6 12. f3 Nc5 13. a4 bxa4 14. Rxa4 Nxa4 15.
Qxa4 Bb7 16. e3 O-O-O 17. Qxa7 Qh2 18. Rg2 Qxh3 0-1

[Event "AUTO-BEG-324"]
[Site "http://www.queenalice.com/game.php?id=609725"]
[Date "2009.6.27"]
[Round "1"]
[White "alcemirctis"]
[Black "felipefeyh"]
[Result "1-0"]
[WhiteElo "1383"]
[BlackElo "1263"]

1. e4 e5 2. Nf3 Qf6 3. Nc3 Nc6 4. Nb5 Qf4 5. Nxc7+ Ke7 6. Nd5+ Kd8 7. Nxf4 h5 8.
Nd5 h4 9. d4 f6 10. Bb5 Na5 11. Bd2 Nc6 12. Bxc6 bxc6 13. Nb4 h3 14. g3 a5 15.
Nd3 Rb8 16. Bxa5+ Ke7 17. Bb4+ Ke8 18. Bxf8 Kxf8 19. b4 Ne7 20. c4 Ba6 21. b5
cxb5 22. c5 b4 23. Rb1 exd4 24. Nxd4 f5 25. Ne5 fxe4 26. Nxd7+ Ke8 27. Nxb8 Nd5
28. Ndc6 Nc3 29. Qd7+ 1-0

[Event "AUTO-BEG-324"]
[Site "http://www.queenalice.com/game.php?id=609726"]
[Date "2009.6.27"]
[Round "1"]
[White "felipefeyh"]
[Black "alcemirctis"]
[Result "0-1"]
[WhiteElo "1263"]
[BlackElo "1404"]

1. b3 e5 2. c3 Nf6 3. d4 e4 4. Bg5 Be7 5. Nh3 h6 6. Bh4 d5 7. Nf4 O-O 8. c4 Qd6
9. Qd2 g5 10. Nxd5 gxh4 11. Qxh6 Be6 12. Nxf6+ Bxf6 13. Qxf6 Nd7 14. Qxh4 Qb4+
15. Nd2 Qc3 16. Rd1 e3 17. fxe3 Qxe3 18. g4 Qxd4 19. Qg5+ Qg7 20. Ne4 Bxg4 21.
h3 f6 22. Qxg4 Qxg4 23. hxg4 Ne5 24. g5 fxg5 25. Nxg5 Rf5 26. Rh5 Raf8 27. Ne6
Rxf1+ 0-1

[Event "AUTO-BEG-324"]
[Site "http://www.queenalice.com/game.php?id=609731"]
[Date "2009.6.27"]
[Round "1"]
[White "Jeancorinthians"]
[Black "felipefeyh"]
[Result "0-1"]
[WhiteElo "1104"]
[BlackElo "1258"]

1. e4 d6 2. d4 Bg4 3. f3 Bh5 4. h4 Qd7 5. g4 Bg6 6. h5 Bxe4 7. fxe4 Nf6 8. g5
Nxe4 9. Bh3 e6 10. Bd2 Ng3 0-1